• 首页
  • 本馆介绍
  • 公告通知
  • 最新文献
  • 馆藏检索
  • 电子资源
  • 读者导购
  • 参考咨询
  • 我的图书馆
  • 登录
  • 详细信息显示
  • 放入我的书架
  • 预约/预借图书
  • 作者相关作品
  • 分类相关作品
  • 丛书相关作品
  • 出版社相关作品

书目信息

  • 表格格式
  • 工作单格式
  • 卡片格式
书名: Engineering
作者:
分册号:
分册名:
出版地: New York ;
 
出版社: Macmillan
出版时间: c1966.
页数: 125 p.
开本:
丛书名: Special English
中图分类号:
科图分类号:
其他分类号: H31
主题词:
电子资源:
000 00561nam 22001937a 4500
001 E0752893328
005 20070210144153.75
008 040526s1966 nyu 00000 eng d
040    @aNUL@cNUL
090    @aJ688.4/W141
090    @aH31
099    @dH31@ex154:1
110 2  @aEnglish Language Services.
245 10 @aEngineering.@nbook 1, :@belectrical Engtineering.
260    @aNew York ;@aLondon :@bMacmillan :@bCollier Macmillan,@cc1966.
300    @a125 p.
440  0 @aSpecial English.
650  0 @aEngineering@xTerminology.
920    @a232010@z2
    
    Engineering.. book 1, : : electrical Engtineering.-New York ; ; London : : Macmillan : : Collier Macmillan, , c1966.
    125 p.- (Special English. )
    
    
    ISBN
    
●
相关链接 在E读中查询图书 在五车中查询图书 在当当中查询图书 在豆瓣中查询图书


正题名:Engineering     索取号:H31/x154:1         预约/预借

序号 登录号 条形码 馆藏地/架位号 状态 备注
1 49812   001035221   第四借阅区/ [索取号:H31/x154:1] 在馆    
唐山师范学院图书馆 欢迎您!
大连网信软件有限公司© 版权所有